| 000 | 01592nam a2200433Ia 4500 | ||
|---|---|---|---|
| 001 | 2 | ||
| 003 | OSt | ||
| 005 | 20250314135614.0 | ||
| 008 | 241029s2011 dr a d qm 000 0 spa d | ||
| 010 | _a3 | ||
| 040 |
_aCGIP0040 _bspa _cCGIP0040 _erda |
||
| 041 | _aEspañol | ||
| 082 | _aST MA-ES 0010 FH 2011 | ||
| 245 | 0 | _aLa formación profesional y el perfil del egresado de la Carrera de Comunicación Social de la Universidad Tecnológica de Santiago y el Centro Universitario Regional de Santiago 2010-2011 | |
| 260 | _aSantiago | ||
| 300 | _a78 | ||
| 520 | _a29 | ||
| 520 | _aLos avances tecnológicos obtenidos en las comunicaciones han permitido que hoy experimenten los fenómenos de la globalización, la cual ha transformado no solamente a la sociedad económica del mundo, sino también a toda sociedad. | ||
| 630 | _aFormación Profesional de Maestros | ||
| 630 | _aPerfil Profesional | ||
| 650 | _aFormación Técnico Profesional | ||
| 690 | _aCopiado sin cambios | ||
| 700 |
_easesor _aEspinal Almonte, Juan Antonio |
||
| 700 |
_eautor _aDe los Santos Recio, Miriam |
||
| 700 |
_eautor _aPichardo Martinez, Margarita |
||
| 856 | _uhttps://inered.gob.do/fichanueva.php?id=2 | ||
| 901 |
_a{"1":"De los Santos Recio","2":"Pichardo Martinez"} _b{"1":"Miriam","2":"Margarita"} |
||
| 902 | _a1 | ||
| 903 |
_a{"1":"Espinal Almonte"} _b{"1":"Juan Antonio"} |
||
| 904 | _aMaestría en | ||
| 905 | _aEnseñanza Superior | ||
| 906 | _a2 | ||
| 907 | _aNO APLICA | ||
| 908 | _aNO APLICA | ||
| 910 | _aNULL | ||
| 911 | _a["1"] | ||
| 942 |
_cTesis _2ddc |
||
| 999 |
_c3 _d3 |
||